00864nam a2200229 i 450000100060000000300090000600500170001500700030003200800410003510000490007624501050012526000320023030000200026249000230028250500530030565000370035865000410039583000310043685200300046799900170049795201200051469320ES-MaACL20250823063040.0t|040702s1976 sp ||||1| spa d1 aGarcía Ballester, Luis, d1936-200095421410aHistoria social de la medicina en la España de los siglos XIII al XVI / cLuis García Ballester. a[Madrid] : bAkal, c[1976] a1 v. ; c23 cm.1 aColección Textos8 aContiene: V. I: La minoría musulmana y morisca 7aMedicina medieval2embne9152333 4aMedicina-zEspaña-yS.XVI.91488840 aColección Textos9180523 aES-MaACLjP-176 bR.94911 c69320d69320 00104070aATENEOMbATENEOMcDEPO2d2008-01-17eSCl0oP-176p1072589r2023-02-23 00:00:00w2023-02-23yMONOGRAFIA